The life of Christopher Columbus / (Record no. 33209)
[ view plain ]
| 000 -CABECERA | |
|---|---|
| campo de control de longitud fija | 00440nam a2200145 a 4500 |
| 001 - NÚMERO DE CONTROL | |
| campo de control | 000033718 |
| 005 - FECHA Y HORA DE LA ÚLTIMA TRANSACCIÓN | |
| campo de control | 20200930070451.0 |
| 008 - DATOS DE LONGITUD FIJA--INFORMACIÓN GENERAL | |
| campo de control de longitud fija | 110907s1875 xxuac 000 0 eng d |
| 040 ## - FUENTE DE LA CATALOGACIÓN | |
| Centro catalogador/agencia de origen | DO-SdBNP |
| Lengua de catalogación | spa |
| Centro/agencia transcriptor | BNPHU |
| 082 ## - NÚMERO DE LA CLASIFICACIÓN DECIMAL DEWEY | |
| Número de clasificación | xxx |
| Número de documento/Ítem | A131t |
| 100 1# - ENTRADA PRINCIPAL--NOMBRE DE PERSONA | |
| Nombre de persona | Abbott, John S. C. |
| 9 (RLIN) | 59162 |
| 245 10 - MENCIÓN DE TÍTULO | |
| Título | The life of Christopher Columbus / |
| Mención de responsabilidad, etc. | John S. C. Abbott. |
| 260 ## - PUBLICACIÓN, DISTRIBUCIÓN, ETC. | |
| Lugar de publicación, distribución, etc. | New York : |
| Nombre del editor, distribuidor, etc. | Dodd, Mead & Company, |
| Fecha de publicación, distribución, etc. | 1875. |
| 300 ## - DESCRIPCIÓN FÍSICA | |
| Extensión | 345 p. : |
| Otras características físicas | il., retr. ; |
| Dimensiones | 21 cm. |
| Estado de retiro | Estado de pérdida | Restricciones de uso | No para préstamo | Código de colección | Localización permanente | Ubicación/localización actual | Ubicación en estantería | Fecha de adquisición | Número de inventario | Total de préstamos | Signatura topográfica completa | Código de barras | Fecha visto por última vez | Precio válido a partir de | Tipo de ítem Koha | Número de copia |
|---|---|---|---|---|---|---|---|---|---|---|---|---|---|---|---|---|
| Excluido de préstamo | Raros y valiosos | General | General | En catalogación | 07.09.2011 | LF1 | xxx A131t | 33718-10 | 25.06.2020 | 25.06.2020 | No se presta | |||||
| Excluido de préstamo | Raros y valiosos | General | General | En catalogación | 07.09.2011 | LF1 | xxx A131t | 33718-20 | 25.06.2020 | 25.06.2020 | No se presta | e. 2 |
